000 00370nam a2200121Ia 4500
008 220217s9999||||xx |||||||||||||| ||und||
082 _a621.402 DOM
100 _aDomkundawar, V.M and others
_99205
245 0 _aCourse in thermal engineering
260 _aDhanpat rai and company
_bNew Delhi
_c2013
300 _aXVI, 1500p.
_b500
650 _aHEAT AND MASS TRANSFOR
999 _c184829
_d184829